La obra civilizadora de los belgas en el Congo / (Record no. 116112)

MARC details
000 -LEADER
campo de control de longitud fija 00606nam a2200181 i 4500
001 - NÚMERO DE CONTROL
campo de control 116112
003 - IDENTIFICADOR DE NÚMERO DE CONTROL
campo de control ES-MaACL
005 - FECHA Y HORA DE LA ÚLTIMA TRANSACCIÓN
campo de control 20230906190634.0
007 - CAMPO FIJO DE DESCRIPCIÓN FÍSICA--INFORMACIÓN GENERAL
campo de control de longitud fija t|
008 - DATOS DE LONGITUD FIJA--INFORMACIÓN GENERAL
campo de control de longitud fija 061121q1950 sp af |||| | spa d
080 ## - NÚMERO DE LA CLASIFICACIÓN DECIMAL UNIVERSAL
Número de la Clasificación Decimal Universal 94(675)"1908/60"
100 1# - ENTRADA PRINCIPAL--NOMBRE DE PERSONA
Nombre de persona Paternostre, Marcel.
9 (RLIN) 89559
245 13 - MENCIÓN DEL TÍTULO
Título La obra civilizadora de los belgas en el Congo /
Mención de responsabilidad, etc. Marcel Paternostre.
260 ## - PUBLICACIÓN, DISTRIBUCIÓN, ETC.
Lugar de publicación, distribución, etc. Bruselas :
Nombre del editor, distribuidor, etc. Comité para la Civilización Cristiana en el Congo Belga,
Fecha de publicación, distribución, etc. [1950?]
300 ## - DESCRIPCIÓN FÍSICA
Extensión 95 p., 8 lám. :
Otras características físicas il. ;
Dimensiones 25 cm.
651 #4 - PUNTO DE ACCESO ADICIONAL DE MATERIA--NOMBRE GEOGRÁFICO
Nombre geográfico Congo (República Democrática)-
Subdivisión general Historia.
9 (RLIN) 166738
852 ## - LOCALIZACIÓN
Ubicación ES-MaACL
Número de control de estantería D-7332
Holdings
Estatus retirado Estado de pérdida Estado de daño No para préstamo Biblioteca de origen Biblioteca actual Ubicación en estantería Fecha de adquisición Fuente de adquisición Total de préstamos Signatura topográfica completa Código de barras Visto por última vez Precio de reemplazo Tipo de ítem Koha
        Biblioteca del Ateneo de Madrid Biblioteca del Ateneo de Madrid Sala Valle Inclán 17/01/2008     D-7332 901121083 23/02/2023 23/02/2023 Libro impreso